000 00640nam a2200205 a 4500
003 MX-MxUPN
005 20241023121119.0
008 991125s1900 mx a r 000 0 spa u
035 _aUPN01000028364
040 _aMX-MxUPN
_bspa
_cMX-MxUPN
041 0 _aspa
050 1 4 _aF1391 S18
_bR6.4
100 1 _aRobelo Arenas, Ricardo
_951620
100 1 _aReyes Ledesma, Marco Aurelio
_951621
245 1 0 _aHistoria general de la fortaleza de San Juan de Ulúa
260 _aJalapa :
_b[Editor no identificado],
_c1900
300 _a60 páginas :
_bilustraciones
651 4 _aSan Juan de Ulúa, Veracruz
_xHistoria
_919239
942 _2lcc
_cLIBRO
999 _c28364
_d28364